Under the ocean : (Record no. 5680)

MARC details
000 -LEADER
fixed length control field 00969nam a22002537a 4500
001 - CONTROL NUMBER
control field 5680
003 - CONTROL NUMBER IDENTIFIER
control field FISKH
005 - DATE AND TIME OF LATEST TRANSACTION
control field 20250820093027.0
008 - FIXED-LENGTH DATA ELEMENTS--GENERAL INFORMATION
fixed length control field 250113b cb ||||| |||| 00| 0 eng d
020 ## - INTERNATIONAL STANDARD BOOK NUMBER
International Standard Book Number 9780439275910
040 ## - CATALOGING SOURCE
Original cataloging agency FISKH
Language of cataloging eng
Transcribing agency FISKH
Modifying agency FISKH
050 ## - LIBRARY OF CONGRESS CALL NUMBER
Classification number QH541.S3
082 ## - DEWEY DECIMAL CLASSIFICATION NUMBER
Classification number 577.7
100 ## - MAIN ENTRY--PERSONAL NAME
Personal name Bennett, Paul
245 ## - TITLE STATEMENT
Title Under the ocean :
Remainder of title An enlightening and in-depeth look at all aspects of light in the world's oceans /
Statement of responsibility, etc. by Paul Bennett
250 ## - EDITION STATEMENT
Edition statement First printing , March 2001
260 ## - PUBLICATION, DISTRIBUTION, ETC.
Place of publication, distribution, etc. New York :
Name of publisher, distributor, etc. Scholastic ;
Date of publication, distribution, etc. 1999.
300 ## - PHYSICAL DESCRIPTION
Extent 31 pages :
Other physical details color illustrations, maps ;
Dimensions 25 cm .
490 ## - SERIES STATEMENT
Series statement The natural world
520 ## - SUMMARY, ETC.
Summary, etc. Focusing on the wildlife, each book in this series shows how the different regions of the world are home to a diverse range of animal and plant species, all of which co-exist and depend on each other for survival.
650 ## - SUBJECT ADDED ENTRY--TOPICAL TERM
Topical term or geographic name entry element geography
Form subdivision non-fiction
942 ## - ADDED ENTRY ELEMENTS (KOHA)
Source of classification or shelving scheme Dewey Decimal Classification
Koha item type Books
Suppress in OPAC No
Holdings
Withdrawn status Lost status Source of classification or shelving scheme Damaged status Not for loan Collection Home library Current library Shelving location Date acquired Total Checkouts Full call number Barcode Date last seen Price effective from Koha item type Copy number
    Dewey Decimal Classification     Non-Fiction Footprints International School Library Network Toul Tom Poung Campus Footprints International School Library Network Toul Tom Poung Campus TTP Secondary Non-Fiction Bookshelves 01/13/2025   BEN 577.7 QH541.S3 FISO5315 01/13/2025 01/13/2025 Books  
    Dewey Decimal Classification     Non-Fiction Footprints International School Library Network Toul Tom Poung Campus Footprints International School Library Network Toul Tom Poung Campus TTP Secondary Non-Fiction Bookshelves 08/20/2025   BEN 577.7 QH541.S3 FISSE01265 08/20/2025 08/20/2025 Books 2